| 000 | 00426nam a2200145 i 4500 | ||
|---|---|---|---|
| 001 | 73139 | ||
| 003 | ES-MaACL | ||
| 007 | t| | ||
| 008 | 040907s1969 sp ||||1| spa d | ||
| 100 | 1 |
_aGómez-Cornejo, Pedro. _957875 |
|
| 245 | 1 | 0 |
_aEn un vértice agudo y penetrante, (1960-68) / _cPedro Gómez-Cornejo. |
| 260 |
_aMadrid : _b[s.n., _c1969] ( _fUguina) |
||
| 300 |
_a134 p. ; _c21 cm. |
||
| 852 |
_aES-MaACL _jC-97009 _bR.70440 |
||
| 999 |
_c73139 _d73139 |
||